000 00277nam a22001217a 4500
008 180125b xxu||||| |||| 00| 0 eng d
041 _aeng
080 _a611
100 _a7
101 _aANA
245 _aPhysical activity nutrition tobacco& asthma
_cPANTA
942 _2udc
_cBK
999 _c40918
_d40918